| 000 | 00472nam a22001217a 4500 | ||
|---|---|---|---|
| 082 | _a220 PRO | ||
| 100 |
_aPC Osama Afnan Khan NS Wajdan Ali NS Umer Saleem PC Sadar Muneer _971706 |
||
| 245 | _aPR-SOF-1660-Rehabilitation of Stroke Patients using Motor Imagery and Off‐the‐shelf Equipment (OpenBCI) | ||
| 260 |
_aISLAMABAD _bNUST COLLEGE OF EME _c2017 |
||
| 650 | _aDE-COMP-35 | ||
| 700 |
_aSUPERVISOR ASST. PROF. ALI HASSAN DR. SHOAB AHMED KHAN _971707 |
||
| 942 | _cCR | ||
| 999 |
_c578083 _d578083 |
||